| 000 | 00727nam a2200241Ia 4500 | ||
|---|---|---|---|
| 008 | 200826s9999||||xx |||||||||||||| ||und|| | ||
| 020 | _a7801149181 | ||
| 020 | _a9787801149183 | ||
| 041 |
_achi _hger |
||
| 050 |
_aBF173.F85 _b.F7415 2003 |
||
| 100 | _aFreud, Sigmund | ||
| 245 | 0 |
_a弗洛伊德心理哲学: _b = Sigmund Freud / _c弗洛伊德 (Sigmund Freud) 著; 杨韶刚 等译 |
|
| 246 |
_a弗洛伊德心理哲學: _b/ |
||
| 260 |
_a北京 : _b九州出版社, |
||
| 300 |
_a2,412 p. _b; _c21 cm. |
||
| 490 | _a哲人咖啡厅 | ||
| 500 | _aTranslation of: Sigmund Freud. | ||
| 650 | _aFreud, Sigmmund, 1856-1939 | ||
| 650 | _aPsychology. | ||
| 700 | _a弗洛伊德 | ||
| 700 | _a杨韶刚 | ||
| 999 |
_c20975 _d20975 |
||